MARC details
| 000 -CABECERA |
| campo de control de longitud fija |
03012nam a2200409Ia 4500 |
| 001 - NÚMERO DE CONTROL |
| campo de control |
dia_244 |
| 003 - IDENTIFICADOR DEL NÚMERO DE CONTROL |
| campo de control |
CHAP |
| 005 - FECHA Y HORA DE LA ÚLTIMA TRANSACCIÓN |
| campo de control |
20250908092050.0 |
| 007 - CAMPO FIJO DE DESCRIPCIÓN FÍSICA--INFORMACIÓN GENERAL |
| campo de control de longitud fija |
ta |
| 008 - DATOS DE LONGITUD FIJA--INFORMACIÓN GENERAL |
| campo de control de longitud fija |
220117s1996 mx ad frm a001 0 spa d |
| 010 ## - NÚMERO DE CONTROL DE LA BIBLIOTECA DEL CONGRESO |
| Número de control de LC |
170670 |
| 040 ## - FUENTE DE LA CATALOGACIÓN |
| Centro catalogador/agencia de origen |
mxchpua |
| Centro/agencia transcriptor |
CHAP |
| 041 0# - CÓDIGO DE LENGUA |
| Código de lengua del sumario o resumen |
SPA |
| 090 ## - LOCALMENTE ASIGNADO TIPO-LC NÚMERO DE CLASIFICACIÓN (OCLC); NÚMERO DE CLASIFICACIÓN LOCAL (RLIN) |
| Número de clasificación (OCLC) (R) ; Numero de clasificación, CALL (RLIN) (NR) |
Tesis |
| Número cutter local (OCLC) ; Número de libro/Signatura topográfica íntegra, CALL (RLIN) |
A385 |
| año |
1996 |
| 100 1# - ENTRADA PRINCIPAL--NOMBRE DE PERSONA |
| Nombre de persona |
Aguilar Hernández, Claudia |
| 245 10 - MENCIÓN DE TÍTULO |
| Título |
Un estudio sobre aditivos en productos lácteos / |
| Mención de responsabilidad, etc. |
Claudia Aguilar Hernández |
| 264 ## - PRODUCCIÓN, PUBLICACIÓN, DISTRIBUCIÓN, FABRICACIÓN Y COPYRIGHT |
| Producción, publicación, distribución, fabricación y copyright |
Chapingo, México : |
| Nombre del de productor, editor, distribuidor, fabricante |
El autor, |
| Fecha de producción, publicación, distribución, fabricación o copyright |
1996 |
| 300 ## - DESCRIPCIÓN FÍSICA |
| Extensión |
122 hojas : |
| Otras características físicas |
ilustraciones, tablas, gráficas |
| 336 ## - TIPO DE CONTENIDO |
| Fuente |
rdacontent |
| Término de tipo de contenido |
texto |
| Código de tipo de contenido |
txt |
| 337 ## - TIPO DE MEDIO |
| Fuente |
rdamedia |
| Nombre/término del tipo de medio |
no mediado |
| Código del tipo de medio |
n |
| 338 ## - TIPO DE SOPORTE |
| Fuente |
rdacarrier |
| Nombre/término del tipo de soporte |
volumen |
| Código del tipo de soporte |
nc |
| 502 ## - NOTA DE TESIS |
| Nota de tesis |
Tesis |
| Tipo de título |
(Ingeniero Agroindustrial) -- |
| Nombre de la institución que otorga el título |
UACh. Departamento de Ingeniería Agroindustrial, |
| Año de obtención del título |
1996 |
| 504 ## - NOTA DE BIBLIOGRAFÍA, ETC. |
| Nota de bibliografía, etc. |
Bibliografía: hojas 14-15 |
| 520 3# - SUMARIO, ETC. |
| Sumario, etc. |
Actualmente, en la industria alimentaria, el uso de aditivos tiende a incrementarse, debido a la búsqueda de insumes que ayudan a reducir costos de producción. Sin embargo, en México, la Información sobre estas sustancias no es representativa, por lo que se realizó un estudio sobre la naturaleza de los espesantes y gelificantes propios para lácteos, así como su justificación técnico-económica de empleo. El trabajo incluyó 3 fases: una de investigación documental, una de campo entrevistas a proveedores y usuarios de aditivos) y una experimental: fabricación de un queso Panelá con adición de fécula de papa; practicándosele un análisis proximal, una evaluación sensorial, determinación de vida de anaquel y rendimiento. Los resultados muestran que el sector proveedor de aditivos se caracteriza por ser pequeño (escasas empresas), es relativamente joven en México; sus firmas, muestran una conducía muy competitiva y su relación con los cliente (usuarios) es muy estrecha. Basándose en una continua asesoría técnica por parte de sus técnicos. Con el uso concreto de fécula de papa en el queso, se halló que éste sí retuvo humedad, lo que condujo a una disminución en proporción de los otros constituyentes. Se concluye que el sector productivo de aditivos es prometedor e innovador, aunque se encuentra desarticulado en tanto cadena productiva. En cuanto al uso específico del aditivo, éste incrementó la humedad y. por lo tanto, el rendimiento del queso Panela. Representando una ventaja desde el punto de vista económico. |
| 650 13 - PUNTO DE ACCESO ADICIONAL DE MATERIA--TÉRMINO DE MATERIA |
| Término de materia o nombre geográfico como elemento de entrada |
Aditivos alimentarios |
| Fuente del encabezamiento o término |
atg |
| 650 13 - PUNTO DE ACCESO ADICIONAL DE MATERIA--TÉRMINO DE MATERIA |
| Término de materia o nombre geográfico como elemento de entrada |
Productos lácteos |
| Fuente del encabezamiento o término |
atg |
| 650 13 - PUNTO DE ACCESO ADICIONAL DE MATERIA--TÉRMINO DE MATERIA |
| Término de materia o nombre geográfico como elemento de entrada |
Dairy products |
| Fuente del encabezamiento o término |
atg |
| 650 13 - PUNTO DE ACCESO ADICIONAL DE MATERIA--TÉRMINO DE MATERIA |
| Término de materia o nombre geográfico como elemento de entrada |
Food additives |
| Fuente del encabezamiento o término |
atg |
| 700 1# - PUNTO DE ACCESO ADICIONAL--NOMBRE DE PERSONA |
| Nombre de persona |
Villegas de Gante, Abraham Zacarias |
| Término indicativo de función/relación |
director |
| 700 1# - PUNTO DE ACCESO ADICIONAL--NOMBRE DE PERSONA |
| Nombre de persona |
Rubio Hernández, David |
| Término indicativo de función/relación |
asesor |
| 700 1# - PUNTO DE ACCESO ADICIONAL--NOMBRE DE PERSONA |
| Nombre de persona |
Santos Moreno, Armando |
| Término indicativo de función/relación |
asesor |
| 856 41 - LOCALIZACIÓN Y ACCESO ELECTRÓNICOS |
| Identificador Uniforme del Recurso |
<a href="http://10.13.5.2/tesis/1996_AGUILAR_HERNANDEZ_CLAUDIA_Tesis.pdf">http://10.13.5.2/tesis/1996_AGUILAR_HERNANDEZ_CLAUDIA_Tesis.pdf</a> |
| Texto de enlace |
DESCARGAR PDF |
| 901 ## - ELEMENTOS DE DATOS A LOCAL LDA (RLIN) |
| a |
TESIS A385 1996 |
| 942 ## - ELEMENTOS DE PUNTO DE ACCESO ADICIONAL (KOHA) |
| Tipo de ítem Koha |
TESIS |
| Fuente del sistema de clasificación o colocación |
Clasificación Universidad Autónoma Chapingo |
| 902 ## - ELEMENTOS DE DATOS B LOCAL, LDB (RLIN) |
| a |
M |
| 905 ## - ELEMENTOS DE DATOS E LOCAL, LDE (RLIN) |
| a |
5232271996 mx ma 8223123322spa16 |